István, az államférfi

Elmentve itt :
Bibliográfiai részletek
Szerző: Kristó Gyula
Dokumentumtípus: Cikk
Megjelent: Hírlapkiadó Vállalat Budapest 1988-08-19
Sorozat:Államalapító királyunk emlékezete 2. 46 No. 198
Népszabadság : az MSZMP központi lapja 46 No. 198
Kulcsszavak:Magyarország története - 10-11. sz., I. István király
Online Access:http://misc.bibl.u-szeged.hu/48112
LEADER 00770nab a2200205 i 4500
001 misc48112
005 20211025161011.0
008 200417s1988 hu o 0|| hun d
022 |a 0133-1752 
040 |a SZTE Miscellanea Repozitórium  |b hun 
041 |a hun 
100 1 |a Kristó Gyula 
245 1 0 |a István, az államférfi  |h [elektronikus dokumentum] /  |c  Kristó Gyula 
260 |a Hírlapkiadó Vállalat  |b Budapest  |c 1988-08-19 
300 |a 6 
490 0 |a Államalapító királyunk emlékezete 2.  |v 46 No. 198 
490 0 |a Népszabadság : az MSZMP központi lapja  |v 46 No. 198 
561 |a Kristó Gyula újságkivágatok 
695 |a Magyarország története - 10-11. sz., I. István király 
856 4 0 |u http://misc.bibl.u-szeged.hu/48112/1/046.pdf  |z Dokumentum-elérés